Statistics for 5 Largest cities in Tunisia

Click here to take the quiz!

General Stats

  • This quiz has been taken 263 times
  • The average score is 3 of 5

Answer Stats

PopulationAnswer% Correct
1,056,247Tunis
100%
330,440Sfax
84%
271,428Sousse
72%
186,653Kairouan
26%
196,298Ettadhamen
5%

Score Distribution

Percentile by Number Answered

Percent of People with Each Score

Your Score History

You have not taken this quiz